00555 2200217 4500001002100000005001700021008004100038035002400079090001500103100001700118245004100135260003100176300002500207500002500232650001500257850001500272980001400287985000600301999001500307999001500322YOGYA-0209000002627820090227024036.0 ind  0010-020900000026278 a370bSuk P aSUKISWA, Iwa aPendidikan kependudukancIwa Sukiswa aBandungbSinar Baruc[s.a] a169 hlmbilusc22 cm aTermasuk bibliografi aPendidikan aYOPDYOG(B) a16-1-2006 a2 a06A0014569 a06A0014570